Deutsche Städte mit "H" - Statistiken

Allgemein
  • Dieses Quiz wurde 173 mal gespielt
  • Das Durchschnittsergebnis liegt bei 35 aus 145
Antwortstatistiken
Bundesland Stadt % Korrekt
Schleswig-Holstein Heide
93%
Nordrhein-Westfalen Haan
91%
Hansestadt Hamburg Hamburg
91%
Nordrhein-Westfalen Hamm
91%
Baden-Württemberg Heidelberg
82%
Nordrhein-Westfalen Herne
82%
Nordrhein-Westfalen Hagen
81%
Bayern Hof
81%
Niedersachsen Hildesheim
79%
Hessen Hanau
78%
Niedersachsen Hannover
75%
Sachsen-Anhalt Halle (Saale)
74%
Nordrhein-Westfalen Halle (Westf.)
74%
Baden-Württemberg Heidenheim an der Brenz
74%
Saarland Homburg
72%
Baden-Württemberg Heilbronn
68%
Niedersachsen Hameln
67%
Nordrhein-Westfalen Hürth
57%
Nordrhein-Westfalen Herford
56%
Nordrhein-Westfalen Horn-Bad Meinberg
55%
Nordrhein-Westfalen Heinsberg
54%
Hessen Heppenheim (Bergstraße)
54%
Sachsen-Anhalt Halberstadt
50%
Nordrhein-Westfalen Hilden
50%
Schleswig-Holstein Husum
50%
Nordrhein-Westfalen Herten
46%
Hessen Hofheim am Taunus
46%
Bayern Hofheim in Unterfranken
46%
Niedersachsen Holzminden
45%
Nordrhein-Westfalen Hattingen
44%
Niedersachsen Helmstedt
42%
Bayern Harburg (Schwaben)
41%
Bayern Haßfurt
41%
Hessen Homberg (Efze)
39%
Hessen Homberg (Ohm)
39%
Baden-Württemberg Hockenheim
36%
Baden-Württemberg Horb am Neckar
36%
Rheinland-Pfalz Hornbach
35%
Nordrhein-Westfalen Hückelhoven
35%
Bayern Hammelburg
32%
Hessen Hochheim am Main
32%
Nordrhein-Westfalen Höxter
32%
Sachsen-Anhalt Haldensleben
31%
Sachsen Heidenau
31%
Hessen Herborn
31%
Niedersachsen Hannoversch Münden
30%
Thüringen Heilbad Heiligenstadt
30%
Sachsen Hoyerswerda
28%
Nordrhein-Westfalen Hennef (Sieg)
27%
Bayern Hilpoltstein
27%
Bayern Höchstadt an der Aisch
27%
Bayern Höchstädt an der Donau
27%
Mecklenburg-Vorpommern Hagenow
26%
Niedersachsen Herzberg am Harz
25%
Brandenburg Herzberg (Elster)
25%
Thüringen Hildburghausen
25%
Sachsen-Anhalt Havelberg
23%
Sachsen Hainichen
22%
Sachsen Hohenstein-Ernstthal
22%
Rheinland-Pfalz Hachenburg
21%
Baden-Württemberg Herrenberg
21%
Sachsen Hartha
19%
Sachsen Hohnstein
19%
Sachsen-Anhalt Hettstedt
18%
Hessen Haiger
17%
Nordrhein-Westfalen Hamminkeln
17%
Nordrhein-Westfalen Heiligenhaus
17%
Bayern Herzogenaurach
17%
Nordrhein-Westfalen Haltern am See
16%
Hessen Hattersheim am Main
16%
Baden-Württemberg Hechingen
16%
Baden-Württemberg Hornberg
16%
Nordrhein-Westfalen Harsewinkel
15%
Sachsen Hartenstein
15%
Bayern Hirschau
14%
Bayern Hallstadt
11%
Nordrhein-Westfalen Hemer
11%
Baden-Württemberg Herbrechtingen
11%
Hessen Hofgeismar
11%
Bayern Hohenberg an der Eger
11%
Brandenburg Hohen Neuendorf
11%
Nordrhein-Westfalen Hückeswagen
10%
Nordrhein-Westfalen Heimbach
9%
Niedersachsen Hemmingen
9%
Bayern Hersbruck
9%
Schleswig-Holstein Heiligenhafen
8%
Baden-Württemberg Heimsheim
8%
Baden-Württemberg Herbolzheim
8%
Niedersachsen Hessisch Oldendorf
8%
Hessen Hünfeld
8%
Sachsen-Anhalt Harzgerode
7%
Brandenburg Hennigsdorf
7%
Nordrhein-Westfalen Herdecke
7%
Thüringen Hermsdorf
7%
Nordrhein-Westfalen Herzogenrath
7%
Baden-Württemberg Hettingen
7%
Nordrhein-Westfalen Hilchenbach
7%
Niedersachsen Hitzacker (Elbe)
7%
Nordrhein-Westfalen Halver
6%
Niedersachsen Haren (Ems)
6%
Bayern Heilsbronn
6%
Sachsen Herrnhut
6%
Hessen Hessisch Lichtenau
6%
Niedersachsen Hoya
6%
Hessen Hadamar
5%
Thüringen Heringen/Helme
5%
Baden-Württemberg Heubach
5%
Rheinland-Pfalz Hillesheim
5%
Thüringen Hirschberg
5%
Nordrhein-Westfalen Hörstel
5%
Nordrhein-Westfalen Hallenberg
4%
Niedersachsen Haselünne
4%
Bayern Hauzenberg
4%
Rheinland-Pfalz Herdorf
4%
Hessen Heusenstamm
4%
Nordrhein-Westfalen Horstmar
4%
Hessen Hungen
4%
Baden-Württemberg Haigerloch
3%
Baden-Württemberg Haslach im Kinzigtal
3%
Niedersachsen Hemmoor
3%
Baden-Württemberg Hemsbach
3%
Hessen Heringen (Werra)
3%
Bayern Herrieden
3%
Baden-Württemberg Holzgerlingen
3%
Baden-Württemberg Hausach
2%
Brandenburg Havelsee
2%
Baden-Württemberg Hayingen
2%
Bayern Hemau
2%
Hessen Herbstein
2%
Rheinland-Pfalz Hermeskeil
2%
Hessen Hirschhorn (Neckar)
2%
Sachsen-Anhalt Hohenmölsen
2%
Rheinland-Pfalz Höhr-Grenzhausen
2%
Bayern Heideck
1%
Bayern Helmbrechts
1%
Bayern Hollfeld
1%
Baden-Württemberg Hüfingen
1%
Rheinland-Pfalz Hagenbach
0%
Baden-Württemberg Haiterbach
0%
Niedersachsen Hardegsen
0%
Hessen Hatzfeld (Eder)
0%
Sachsen-Anhalt Hecklingen
0%
Baden-Württemberg Heitersheim
0%
Thüringen Heldburg
0%
Thüringen Hohenleuben
0%
Keine übereinstimmenden Quizze gefunden
Verteilung der Resultate
Anzahl Personen mit jedem Resultat
Perzentil nach korrekt beantworteten Fragen
Ihre Resultats-Entwicklung
Sie haben dieses Quiz noch nicht gespielt